Os 10 países que mais produzem vinho - Sudden Death - Statistics

Estatísticas Gerais
  • Esse quiz foi jogado 72 vezes
  • A pontuação média é 5 de 10
Answers on the Grid
Answers color-coded by a green-red scale on the quiz's grid according to % correct below.
Grécia
Áustria
Luxemburgo
Itália
França
Andorra
Países Baixos
Suíça
Hungria
Espanha
China
Estados Unidos
Austrália
Argentina
Romênia
Bulgária
África do Sul
Chile
Índia
Colômbia
Costa Rica
Portugal
Tailândia
Nova Zelândia
Japão
 
Estatísticas das Respostas
Resposta % Correto
Itália
90%
França
83%
Portugal
66%
Chile
61%
Argentina
56%
Estados Unidos
54%
Espanha
49%
África do Sul
27%
Austrália
24%
China
22%
Nenhum quiz correspondente encontrado
Distribuição das Pontuações
Porcentagem de Pessoas com Cada Pontuação
Percentil de Números Respondidos
Sua Pontuação Histórica
Você não jogou esse quiz